000 00552nmm a2200181Ia 4500
008 251105s9999||||xx |||||||||||||||||und||
020 _a9788417821814
041 _aspa
100 _aLeblanc, Maurice
245 0 _aArsène Lupin contra Herlock Sholmès
264 _a[Madrid, España] :
_bCiudad de Libros,
_c[Fecha de publicación no identificada]
300 _a0 páginas
650 _aThriller & Suspense
700 _aLeblanc, Maurice
700 1 _a Sordo, Enrique
856 _uhttps://public.digitaliapublishing.com/a/82425
942 _cCF
999 _c67710
_d67710